000 00466nam a22001817a 4500
003 OSt
005 20150124105400.0
008 141208b xxu||||| |||| 00| 0 eng d
040 _cBMC
082 _a891.44
100 1 _929443
_aTagore, Rabindranath
_d1861-1941
245 1 3 _aLa casa y el mundo
_cRabindranath Tagore
260 _aMadrid
_bLibra
_c1971
300 _a172 p.
_c17 cm
490 _aPúrpura
_v72
650 2 4 _929442
_aNovela bengalí
942 _2ddc
_cBK
999 _c16563
_d16563